[Event "DVM U20 2020"]
[Site "Willingen GER"]
[Date "2021.06.25"]
[Round "4"]
[White "Glinzner, Alva"]
[Black "Nicklaus, Timm"]
[Result "1/2-1/2"]
[Termination "normal"]
[Board "3.5"]
[WhiteElo "1855"]
[BlackElo "1727"]
[WhiteClock "00:01:24"]
[BlackClock "00:07:24"]
[WhiteTeam "Lübecker SV von 1873"]
[BlackTeam "Schachklub König Plauen"]
[PlyCount "80"]
[WhiteFideId "16206169"]
[BlackFideId "12957143"]
[EventCountry "GER"]
[EventRounds "7"]
[EventType "team-swiss"]
[EventDate "2021.06.23"]

1. e4 {[%clk 01:30:54]} {[%emt 00:00:05]} c5 {[%clk 01:30:55]} {[%emt
00:00:05]} 2. c3 {[%clk 01:30:56]} {[%emt 00:00:29]} Nc6 {[%clk 01:30:26]}
{[%emt 00:00:59]} 3. Nf3 {[%clk 01:30:16]} {[%emt 00:01:09]} e6 {[%clk
01:30:00]} {[%emt 00:00:56]} 4. d4 {[%clk 01:26:23]} {[%emt 00:04:23]} cxd4
{[%clk 01:30:24]} {[%emt 00:00:07]} 5. cxd4 {[%clk 01:26:18]} {[%emt 00:00:35]}
d5 {[%clk 01:30:30]} {[%emt 00:00:24]} 6. exd5 {[%clk 01:20:19]} {[%emt
00:06:29]} exd5 {[%clk 01:30:49]} {[%emt 00:00:11]} 7. Nc3 {[%clk 01:18:45]}
{[%emt 00:02:04]} Nf6 {[%clk 01:26:54]} {[%emt 00:04:25]} 8. Be2 {[%clk
01:15:12]} {[%emt 00:04:03]} Be7 {[%clk 01:25:46]} {[%emt 00:01:38]} 9. O-O
{[%clk 01:11:06]} {[%emt 00:04:36]} O-O {[%clk 01:25:55]} {[%emt 00:00:21]} 10.
Bf4 {[%clk 01:03:21]} {[%emt 00:08:14]} Ne4 {[%clk 01:15:30]} {[%emt 00:10:55]}
11. Ne5 {[%clk 00:45:38]} {[%emt 00:18:13]} Nxe5 {[%clk 01:11:22]} {[%emt
00:04:38]} 12. Bxe5 {[%clk 00:45:28]} {[%emt 00:00:40]} Nxc3 {[%clk 01:11:04]}
{[%emt 00:00:48]} 13. bxc3 {[%clk 00:45:56]} {[%emt 00:00:02]} Be6 {[%clk
01:10:45]} {[%emt 00:00:49]} 14. Bd3 {[%clk 00:41:33]} {[%emt 00:04:53]} Rc8
{[%clk 01:03:50]} {[%emt 00:07:25]} 15. Rc1 {[%clk 00:39:11]} {[%emt 00:02:52]}
Bd6 {[%clk 00:56:38]} {[%emt 00:07:41]} 16. Re1 {[%clk 00:29:19]} {[%emt
00:10:22]} Bxe5 {[%clk 00:52:38]} {[%emt 00:04:31]} 17. Rxe5 {[%clk 00:29:35]}
{[%emt 00:00:14]} Qa5 {[%clk 00:50:35]} {[%emt 00:02:32]} 18. Qd2 {[%clk
00:26:20]} {[%emt 00:03:44]} Rc6 {[%clk 00:49:33]} {[%emt 00:01:31]} 19. Rh5
{[%clk 00:19:55]} {[%emt 00:06:57]} f5 {[%clk 00:48:46]} {[%emt 00:01:17]} 20.
Qe2 {[%clk 00:12:24]} {[%emt 00:08:01]} Bf7 {[%clk 00:41:02]} {[%emt 00:08:13]}
21. Rxf5 {[%clk 00:08:53]} {[%emt 00:04:02]} Rxc3 {[%clk 00:41:03]} {[%emt
00:00:29]} 22. Rf1 {[%clk 00:06:11]} {[%emt 00:03:12]} Rc6 {[%clk 00:38:04]}
{[%emt 00:03:29]} 23. Re5 {[%clk 00:03:05]} {[%emt 00:03:36]} Qc3 {[%clk
00:34:04]} {[%emt 00:04:29]} 24. Re7 {[%clk 00:00:46]} {[%emt 00:02:49]} Rc7
{[%clk 00:31:11]} {[%emt 00:03:23]} 25. Re3 {[%clk 00:00:41]} {[%emt 00:00:36]}
Qxd4 {[%clk 00:31:22]} {[%emt 00:00:19]} 26. Qd1 {[%clk 00:00:41]} {[%emt
00:00:30]} Qb2 {[%clk 00:30:37]} {[%emt 00:01:14]} 27. Re2 {[%clk 00:00:52]}
{[%emt 00:00:20]} Qa3 {[%clk 00:30:04]} {[%emt 00:01:03]} 28. Bf5 {[%clk
00:00:35]} {[%emt 00:00:46]} Rc6 {[%clk 00:25:38]} {[%emt 00:04:55]} 29. Qb1
{[%clk 00:00:36]} {[%emt 00:00:30]} Rb6 {[%clk 00:17:19]} {[%emt 00:08:49]} 30.
Bxh7+ {[%clk 00:00:37]} {[%emt 00:00:29]} Kh8 {[%clk 00:17:42]} {[%emt
00:00:08]} 31. Qd3 {[%clk 00:01:00]} {[%emt 00:00:06]} Qxd3 {[%clk 00:17:48]}
{[%emt 00:00:24]} 32. Bxd3 {[%clk 00:01:29]} {[%emt 00:00:01]} d4 {[%clk
00:17:16]} {[%emt 00:01:01]} 33. Re4 {[%clk 00:01:21]} {[%emt 00:00:38]} Bxa2
{[%clk 00:07:32]} {[%emt 00:10:14]} 34. Rxd4 {[%clk 00:01:50]} {[%emt
00:00:02]} Be6 {[%clk 00:06:16]} {[%emt 00:01:46]} 35. Rh4+ {[%clk 00:01:51]}
{[%emt 00:00:29]} Kg8 {[%clk 00:06:37]} {[%emt 00:00:08]} 36. Bh7+ {[%clk
00:01:32]} {[%emt 00:00:49]} Kf7 {[%clk 00:07:01]} {[%emt 00:00:06]} 37. Rf4+
{[%clk 00:01:16]} {[%emt 00:00:46]} Ke7 {[%clk 00:07:00]} {[%emt 00:00:30]} 38.
Re4 {[%clk 00:01:31]} {[%emt 00:00:16]} Kf6 {[%clk 00:06:37]} {[%emt 00:00:52]}
39. Rf4+ {[%clk 00:01:00]} {[%emt 00:01:01]} Ke7 {[%clk 00:07:01]} {[%emt
00:00:07]} 40. Re4 {[%clk 00:01:24]} {[%emt 00:00:06]} Kf6 {[%clk 00:07:24]}
{[%emt 00:00:07]} 1/2-1/2

[Event "DVM U20 2020"]
[Site "Willingen GER"]
[Date "2021.06.25"]
[Round "4"]
[White "Melitzki, Richard"]
[Black "Sommer, Justus"]
[Result "1-0"]
[Termination "normal"]
[Board "3.6"]
[WhiteElo "1425"]
[BlackElo "1744"]
[WhiteClock "00:17:33"]
[BlackClock "00:03:52"]
[WhiteTeam "Schachklub König Plauen"]
[BlackTeam "Lübecker SV von 1873"]
[PlyCount "117"]
[WhiteFideId "16223420"]
[BlackFideId "16245008"]
[EventCountry "GER"]
[EventRounds "7"]
[EventType "team-swiss"]
[EventDate "2021.06.23"]

1. e4 {[%clk 01:30:58]} {[%emt 00:00:02]} e5 {[%clk 01:30:46]} {[%emt
00:00:13]} 2. Nf3 {[%clk 01:31:23]} {[%emt 00:00:06]} Nc6 {[%clk 01:31:10]}
{[%emt 00:00:06]} 3. Nc3 {[%clk 01:31:39]} {[%emt 00:00:14]} Nf6 {[%clk
01:31:26]} {[%emt 00:00:14]} 4. d4 {[%clk 01:32:02]} {[%emt 00:00:07]} exd4
{[%clk 01:31:51]} {[%emt 00:00:05]} 5. Nxd4 {[%clk 01:32:26]} {[%emt 00:00:06]}
Bb4 {[%clk 01:32:15]} {[%emt 00:00:06]} 6. Nxc6 {[%clk 01:32:42]} {[%emt
00:00:14]} bxc6 {[%clk 01:32:37]} {[%emt 00:00:07]} 7. Bd3 {[%clk 01:33:02]}
{[%emt 00:00:10]} O-O {[%clk 01:32:42]} {[%emt 00:00:25]} 8. O-O {[%clk
01:32:36]} {[%emt 00:00:57]} d5 {[%clk 01:32:44]} {[%emt 00:00:29]} 9. exd5
{[%clk 01:32:40]} {[%emt 00:00:26]} cxd5 {[%clk 01:33:00]} {[%emt 00:00:14]}
10. h3 {[%clk 01:32:33]} {[%emt 00:00:37]} h6 {[%clk 01:32:57]} {[%emt
00:00:32]} 11. Qf3 {[%clk 01:28:35]} {[%emt 00:04:29]} Be6 {[%clk 01:30:25]}
{[%emt 00:03:01]} 12. Ne2 {[%clk 01:28:24]} {[%emt 00:00:41]} Bd6 {[%clk
01:28:50]} {[%emt 00:02:06]} 13. Nf4 {[%clk 01:28:33]} {[%emt 00:00:21]} Nd7
{[%clk 01:27:20]} {[%emt 00:02:00]} 14. Bd2 {[%clk 01:17:02]} {[%emt 00:12:01]}
Ne5 {[%clk 01:26:30]} {[%emt 00:01:20]} 15. Qe2 {[%clk 01:17:23]} {[%emt
00:00:08]} Re8 {[%clk 01:22:18]} {[%emt 00:04:43]} 16. Rfe1 {[%clk 01:15:39]}
{[%emt 00:02:15]} Nxd3 {[%clk 01:19:03]} {[%emt 00:03:45]} 17. Qxd3 {[%clk
01:15:10]} {[%emt 00:01:00]} Qd7 {[%clk 01:12:07]} {[%emt 00:07:25]} 18. Nxe6
{[%clk 01:12:27]} {[%emt 00:03:13]} Rxe6 {[%clk 01:10:08]} {[%emt 00:02:29]}
19. Rxe6 {[%clk 01:07:48]} {[%emt 00:05:09]} fxe6 {[%clk 01:08:50]} {[%emt
00:01:48]} 20. Re1 {[%clk 01:08:00]} {[%emt 00:00:18]} Rf8 {[%clk 01:05:31]}
{[%emt 00:03:49]} 21. Bc3 {[%clk 01:06:11]} {[%emt 00:02:18]} Bc5 {[%clk
00:54:35]} {[%emt 00:11:26]} 22. Bd4 {[%clk 01:01:00]} {[%emt 00:05:41]} Bb6
{[%clk 00:52:14]} {[%emt 00:02:52]} 23. Qe3 {[%clk 00:59:58]} {[%emt 00:01:32]}
Re8 {[%clk 00:46:25]} {[%emt 00:06:19]} 24. Qc3 {[%clk 00:56:09]} {[%emt
00:04:19]} Qf7 {[%clk 00:41:40]} {[%emt 00:05:14]} 25. Bxb6 {[%clk 00:50:11]}
{[%emt 00:06:28]} axb6 {[%clk 00:41:39]} {[%emt 00:00:31]} 26. b4 {[%clk
00:45:25]} {[%emt 00:05:17]} Qe7 {[%clk 00:36:32]} {[%emt 00:05:36]} 27. Qc6
{[%clk 00:40:28]} {[%emt 00:05:28]} Qf7 {[%clk 00:31:13]} {[%emt 00:05:49]} 28.
Re3 {[%clk 00:36:06]} {[%emt 00:04:51]} Re7 {[%clk 00:30:17]} {[%emt 00:01:25]}
29. a4 {[%clk 00:33:51]} {[%emt 00:02:46]} Qe8 {[%clk 00:29:25]} {[%emt
00:01:22]} 30. Qxe8+ {[%clk 00:33:32]} {[%emt 00:00:50]} Rxe8 {[%clk 00:29:49]}
{[%emt 00:00:06]} 31. f4 {[%clk 00:33:52]} {[%emt 00:00:09]} Ra8 {[%clk
00:28:54]} {[%emt 00:01:25]} 32. Ra3 {[%clk 00:34:11]} {[%emt 00:00:11]} Kf7
{[%clk 00:28:12]} {[%emt 00:01:12]} 33. Kf2 {[%clk 00:32:37]} {[%emt 00:02:04]}
Ke7 {[%clk 00:28:23]} {[%emt 00:00:18]} 34. Ke3 {[%clk 00:31:38]} {[%emt
00:01:29]} Kd6 {[%clk 00:28:42]} {[%emt 00:00:12]} 35. a5 {[%clk 00:22:48]}
{[%emt 00:09:21]} c5 {[%clk 00:26:41]} {[%emt 00:02:31]} 36. c3 {[%clk
00:23:06]} {[%emt 00:00:11]} d4+ {[%clk 00:26:31]} {[%emt 00:00:40]} 37. Kd3
{[%clk 00:20:25]} {[%emt 00:03:11]} dxc3 {[%clk 00:25:45]} {[%emt 00:01:16]}
38. bxc5+ {[%clk 00:20:30]} {[%emt 00:00:25]} bxc5 {[%clk 00:22:38]} {[%emt
00:03:37]} 39. Kxc3 {[%clk 00:18:38]} {[%emt 00:02:21]} Kd5 {[%clk 00:22:05]}
{[%emt 00:01:03]} 40. a6 {[%clk 00:18:41]} {[%emt 00:00:28]} Ra7 {[%clk
00:22:21]} {[%emt 00:00:13]} 41. Ra4 {[%clk 00:18:41]} {[%emt 00:00:30]} Kc6
{[%clk 00:17:57]} {[%emt 00:04:54]} 42. Kc4 {[%clk 00:18:35]} {[%emt 00:00:36]}
Kb6 {[%clk 00:17:12]} {[%emt 00:01:15]} 43. Ra3 {[%clk 00:18:01]} {[%emt
00:01:05]} Kc6 {[%clk 00:10:13]} {[%emt 00:07:29]} 44. g4 {[%clk 00:16:23]}
{[%emt 00:02:08]} g6 {[%clk 00:09:24]} {[%emt 00:01:19]} 45. h4 {[%clk
00:15:53]} {[%emt 00:01:00]} Kb6 {[%clk 00:06:44]} {[%emt 00:03:10]} 46. Re3
{[%clk 00:15:37]} {[%emt 00:00:45]} Re7 {[%clk 00:05:26]} {[%emt 00:01:48]} 47.
a7 {[%clk 00:14:55]} {[%emt 00:01:13]} Kxa7 {[%clk 00:05:23]} {[%emt 00:00:33]}
48. Kxc5 {[%clk 00:15:18]} {[%emt 00:00:07]} Kb7 {[%clk 00:05:18]} {[%emt
00:00:35]} 49. Kd6 {[%clk 00:15:42]} {[%emt 00:00:06]} Rf7 {[%clk 00:04:50]}
{[%emt 00:00:58]} 50. Re4 {[%clk 00:16:01]} {[%emt 00:00:11]} Kc8 {[%clk
00:04:01]} {[%emt 00:01:19]} 51. Kxe6 {[%clk 00:16:20]} {[%emt 00:00:11]} Ra7
{[%clk 00:04:02]} {[%emt 00:00:29]} 52. Kf6 {[%clk 00:16:18]} {[%emt 00:00:32]}
Ra6+ {[%clk 00:04:10]} {[%emt 00:00:22]} 53. Kg7 {[%clk 00:16:16]} {[%emt
00:00:31]} h5 {[%clk 00:04:14]} {[%emt 00:00:26]} 54. gxh5 {[%clk 00:16:36]}
{[%emt 00:00:10]} gxh5 {[%clk 00:04:38]} {[%emt 00:00:07]} 55. f5 {[%clk
00:16:58]} {[%emt 00:00:08]} Ra7+ {[%clk 00:04:22]} {[%emt 00:00:46]} 56. Kg6
{[%clk 00:17:22]} {[%emt 00:00:06]} Kd8 {[%clk 00:04:02]} {[%emt 00:00:50]} 57.
f6 {[%clk 00:17:44]} {[%emt 00:00:08]} Ra1 {[%clk 00:04:01]} {[%emt 00:00:31]}
58. f7 {[%clk 00:17:28]} {[%emt 00:00:45]} Rf1 {[%clk 00:03:52]} {[%emt
00:00:38]} 59. Re8+ {[%clk 00:17:33]} {[%emt 00:00:26]} 1-0

[Event "DVM U20 2020"]
[Site "Willingen GER"]
[Date "2021.06.25"]
[Round "4"]
[White "Schneider, Jana"]
[Black "Kracht, Raphael"]
[Result "1-0"]
[Termination "normal"]
[Board "4.1"]
[WhiteTitle "FM"]
[WhiteElo "2321"]
[BlackElo "2109"]
[WhiteClock "00:39:45"]
[BlackClock "00:35:20"]
[WhiteTeam "SC Bavaria Regensburg von 1881 e.V."]
[BlackTeam "Schachfreunde Brackel 1930 e. V."]
[PlyCount "69"]
[WhiteFideId "12924997"]
[BlackFideId "16214382"]
[EventCountry "GER"]
[EventRounds "7"]
[EventType "team-swiss"]
[EventDate "2021.06.23"]

1. e4 {[%clk 01:30:56]} {[%emt 00:00:02]} e5 {[%clk 01:30:57]} {[%emt
00:00:04]} 2. Nf3 {[%clk 01:31:19]} {[%emt 00:00:07]} Nc6 {[%clk 01:31:24]}
{[%emt 00:00:03]} 3. Bc4 {[%clk 01:31:41]} {[%emt 00:00:08]} Bc5 {[%clk
01:31:50]} {[%emt 00:00:05]} 4. O-O {[%clk 01:31:49]} {[%emt 00:00:22]} Nf6
{[%clk 01:32:18]} {[%emt 00:00:03]} 5. d3 {[%clk 01:32:08]} {[%emt 00:00:10]}
O-O {[%clk 01:32:43]} {[%emt 00:00:05]} 6. a4 {[%clk 01:32:03]} {[%emt
00:00:35]} a6 {[%clk 01:33:08]} {[%emt 00:00:04]} 7. h3 {[%clk 01:30:59]}
{[%emt 00:01:35]} d5 {[%clk 01:33:02]} {[%emt 00:00:36]} 8. exd5 {[%clk
01:30:50]} {[%emt 00:00:39]} Nxd5 {[%clk 01:33:25]} {[%emt 00:00:07]} 9. Re1
{[%clk 01:26:37]} {[%emt 00:04:43]} Be6 {[%clk 01:33:01]} {[%emt 00:00:54]} 10.
Ng5 {[%clk 01:22:52]} {[%emt 00:04:16]} h6 {[%clk 01:31:35]} {[%emt 00:01:56]}
11. Nxe6 {[%clk 01:18:28]} {[%emt 00:04:54]} fxe6 {[%clk 01:31:58]} {[%emt
00:00:07]} 12. Be3 {[%clk 01:17:40]} {[%emt 00:01:18]} Nxe3 {[%clk 01:28:24]}
{[%emt 00:04:04]} 13. fxe3 {[%clk 01:18:03]} {[%emt 00:00:07]} Qh4 {[%clk
01:12:17]} {[%emt 00:16:37]} 14. Qe2 {[%clk 01:04:48]} {[%emt 00:13:45]} e4
{[%clk 01:12:07]} {[%emt 00:00:40]} 15. Nd2 {[%clk 01:02:47]} {[%emt 00:02:31]}
exd3 {[%clk 01:10:29]} {[%emt 00:02:08]} 16. cxd3 {[%clk 01:02:26]} {[%emt
00:00:51]} Bd6 {[%clk 00:57:47]} {[%emt 00:13:11]} 17. Bxe6+ {[%clk 00:59:55]}
{[%emt 00:03:02]} Kh8 {[%clk 00:58:11]} {[%emt 00:00:06]} 18. Ne4 {[%clk
01:00:15]} {[%emt 00:00:10]} Rae8 {[%clk 00:57:13]} {[%emt 00:01:27]} 19. Qg4
{[%clk 00:55:06]} {[%emt 00:05:39]} Qe7 {[%clk 00:50:29]} {[%emt 00:07:14]} 20.
Bf5 {[%clk 00:49:12]} {[%emt 00:06:25]} Qe5 {[%clk 00:39:09]} {[%emt 00:11:49]}
21. Nxd6 {[%clk 00:47:54]} {[%emt 00:01:48]} cxd6 {[%clk 00:39:15]} {[%emt
00:00:24]} 22. Bg6 {[%clk 00:41:37]} {[%emt 00:06:47]} Rc8 {[%clk 00:38:58]}
{[%emt 00:00:47]} 23. d4 {[%clk 00:40:52]} {[%emt 00:01:15]} Qe7 {[%clk
00:38:28]} {[%emt 00:01:00]} 24. Bf5 {[%clk 00:40:59]} {[%emt 00:00:24]} Rce8
{[%clk 00:33:49]} {[%emt 00:05:07]} 25. Qg6 {[%clk 00:41:07]} {[%emt 00:00:23]}
Rxf5 {[%clk 00:33:50]} {[%emt 00:00:29]} 26. Qxf5 {[%clk 00:41:31]} {[%emt
00:00:06]} Qe4 {[%clk 00:34:00]} {[%emt 00:00:20]} 27. Qxe4 {[%clk 00:40:39]}
{[%emt 00:01:23]} Rxe4 {[%clk 00:34:20]} {[%emt 00:00:09]} 28. Rac1 {[%clk
00:40:15]} {[%emt 00:00:54]} d5 {[%clk 00:34:18]} {[%emt 00:00:32]} 29. Rc5
{[%clk 00:39:57]} {[%emt 00:00:49]} Nxd4 {[%clk 00:34:42]} {[%emt 00:00:06]}
30. Rxd5 {[%clk 00:40:17]} {[%emt 00:00:11]} Nc2 {[%clk 00:34:23]} {[%emt
00:00:48]} 31. Re2 {[%clk 00:40:39]} {[%emt 00:00:08]} Nb4 {[%clk 00:34:35]}
{[%emt 00:00:17]} 32. Rd7 {[%clk 00:39:52]} {[%emt 00:01:18]} Nc6 {[%clk
00:34:50]} {[%emt 00:00:15]} 33. Rxb7 {[%clk 00:39:39]} {[%emt 00:00:42]} Rxa4
{[%clk 00:35:15]} {[%emt 00:00:06]} 34. Rc2 {[%clk 00:39:37]} {[%emt 00:00:32]}
Ne5 {[%clk 00:35:20]} {[%emt 00:00:25]} 35. Rcc7 {[%clk 00:39:45]} {[%emt
00:00:21]} 1-0

[Event "DVM U20 2020"]
[Site "Willingen GER"]
[Date "2021.06.25"]
[Round "4"]
[White "Oberhofer, Cédric"]
[Black "Kartsev, Nikolay"]
[Result "1-0"]
[Termination "normal"]
[Board "4.3"]
[WhiteElo "2262"]
[BlackElo "2043"]
[WhiteClock "00:04:28"]
[BlackClock "00:00:51"]
[WhiteTeam "SC Bavaria Regensburg von 1881 e.V."]
[BlackTeam "Schachfreunde Brackel 1930 e. V."]
[PlyCount "67"]
[WhiteFideId "12941220"]
[BlackFideId "12939536"]
[EventCountry "GER"]
[EventRounds "7"]
[EventType "team-swiss"]
[EventDate "2021.06.23"]

1. d4 {[%clk 01:30:57]} {[%emt 00:00:02]} Nf6 {[%clk 01:30:52]} {[%emt
00:00:09]} 2. c4 {[%clk 01:31:21]} {[%emt 00:00:07]} e6 {[%clk 01:31:13]}
{[%emt 00:00:09]} 3. g3 {[%clk 01:31:42]} {[%emt 00:00:09]} d5 {[%clk
01:26:05]} {[%emt 00:05:37]} 4. Nf3 {[%clk 01:32:06]} {[%emt 00:00:07]} b6
{[%clk 01:21:44]} {[%emt 00:04:50]} 5. cxd5 {[%clk 01:28:20]} {[%emt 00:04:16]}
exd5 {[%clk 01:20:16]} {[%emt 00:01:58]} 6. Bg2 {[%clk 01:28:27]} {[%emt
00:00:23]} Bd6 {[%clk 01:15:54]} {[%emt 00:04:53]} 7. Nc3 {[%clk 01:26:35]}
{[%emt 00:02:21]} h6 {[%clk 01:10:08]} {[%emt 00:06:16]} 8. Nb5 {[%clk
01:22:04]} {[%emt 00:05:01]} Bb4+ {[%clk 01:05:55]} {[%emt 00:04:43]} 9. Bd2
{[%clk 01:22:02]} {[%emt 00:00:32]} Bxd2+ {[%clk 01:05:14]} {[%emt 00:01:11]}
10. Qxd2 {[%clk 01:20:17]} {[%emt 00:02:15]} c6 {[%clk 01:00:12]} {[%emt
00:05:32]} 11. Nc3 {[%clk 01:16:02]} {[%emt 00:04:44]} Qd6 {[%clk 00:53:02]}
{[%emt 00:07:41]} 12. O-O {[%clk 01:10:31]} {[%emt 00:06:01]} O-O {[%clk
00:50:57]} {[%emt 00:02:36]} 13. Qc2 {[%clk 01:03:31]} {[%emt 00:07:29]} Re8
{[%clk 00:44:37]} {[%emt 00:06:50]} 14. Rad1 {[%clk 00:57:04]} {[%emt
00:06:58]} Nbd7 {[%clk 00:41:17]} {[%emt 00:03:50]} 15. Nh4 {[%clk 00:52:50]}
{[%emt 00:04:44]} Qe6 {[%clk 00:36:38]} {[%emt 00:05:08]} 16. Rfe1 {[%clk
00:47:32]} {[%emt 00:05:48]} Ne4 {[%clk 00:31:52]} {[%emt 00:05:15]} 17. Bxe4
{[%clk 00:44:18]} {[%emt 00:03:45]} dxe4 {[%clk 00:31:53]} {[%emt 00:00:29]}
18. d5 {[%clk 00:44:36]} {[%emt 00:00:12]} Qh3 {[%clk 00:22:15]} {[%emt
00:10:08]} 19. Nxe4 {[%clk 00:32:19]} {[%emt 00:12:48]} Ne5 {[%clk 00:20:31]}
{[%emt 00:02:14]} 20. Nd6 {[%clk 00:31:31]} {[%emt 00:01:18]} Ng4 {[%clk
00:20:23]} {[%emt 00:00:38]} 21. Nf3 {[%clk 00:31:53]} {[%emt 00:00:08]} Re3
{[%clk 00:20:48]} {[%emt 00:00:05]} 22. Nxc8 {[%clk 00:21:55]} {[%emt
00:10:28]} Rxc8 {[%clk 00:09:12]} {[%emt 00:12:05]} 23. d6 {[%clk 00:18:50]}
{[%emt 00:03:36]} Re5 {[%clk 00:05:07]} {[%emt 00:04:35]} 24. d7 {[%clk
00:15:25]} {[%emt 00:03:55]} Rd8 {[%clk 00:05:35]} {[%emt 00:00:02]} 25. Qxc6
{[%clk 00:13:34]} {[%emt 00:02:21]} Rc5 {[%clk 00:04:27]} {[%emt 00:01:38]} 26.
Qe4 {[%clk 00:13:29]} {[%emt 00:00:35]} Re5 {[%clk 00:04:43]} {[%emt 00:00:14]}
27. Qf4 {[%clk 00:10:29]} {[%emt 00:03:30]} f6 {[%clk 00:03:00]} {[%emt
00:02:13]} 28. Rd4 {[%clk 00:09:15]} {[%emt 00:01:43]} h5 {[%clk 00:01:40]}
{[%emt 00:01:51]} 29. Qc1 {[%clk 00:08:36]} {[%emt 00:01:10]} Rc5 {[%clk
00:00:31]} {[%emt 00:01:38]} 30. Qd1 {[%clk 00:06:41]} {[%emt 00:02:24]} Rf5
{[%clk 00:00:35]} {[%emt 00:00:26]} 31. Qd3 {[%clk 00:05:16]} {[%emt 00:01:56]}
Nxf2 {[%clk 00:00:38]} {[%emt 00:00:28]} 32. Kxf2 {[%clk 00:03:56]} {[%emt
00:01:49]} Qxh2+ {[%clk 00:00:51]} {[%emt 00:00:18]} 33. Ke3 {[%clk 00:04:04]}
{[%emt 00:00:21]} Rc5 {[%clk 00:00:51]} {[%emt 00:00:29]} 34. Nxh2 {[%clk
00:04:28]} {[%emt 00:00:07]} 1-0